000
00341nam a2200157Ia 4500
100
_a
Perry/William E
250
_a
2
942
_c
BK
654
_a
software testing
245
_a
Effective methods for software testing
260
_b
John Wiley & Sons
_c
2000
082
_a
5.15
_b
PER
300
_a
812
546
_a
ENGLISH
999
_c
30696
_d
30696